|
|
|
|
| LEADER |
02181nam a2200481 i 4500 |
| 001 |
EBC1676606 |
| 003 |
MiAaPQ |
| 005 |
20200520144314.0 |
| 006 |
m o d | |
| 007 |
cr cnu|||||||| |
| 008 |
140502t20142014dcuad o 000 0 eng d |
| 020 |
|
|
|z 9781484338339
|
| 020 |
|
|
|a 9781484338759
|q (electronic bk.)
|
| 035 |
|
|
|a (MiAaPQ)EBC1676606
|
| 035 |
|
|
|a (Au-PeEL)EBL1676606
|
| 035 |
|
|
|a (CaPaEBR)ebr10861148
|
| 035 |
|
|
|a (CaONFJC)MIL598678
|
| 035 |
|
|
|a (OCoLC)880458648
|
| 040 |
|
|
|a MiAaPQ
|b eng
|e rda
|e pn
|c MiAaPQ
|d MiAaPQ
|
| 043 |
|
|
|a e-aa---
|
| 050 |
|
4 |
|a HG3881.5.I58
|b .I584 2014
|
| 082 |
0 |
|
|a 332.152
|2 23
|
| 110 |
2 |
|
|a International Monetary Fund,
|e author.
|
| 245 |
1 |
0 |
|a Albania :
|b 2013 Article IV consultation and request for extended arrangement /
|c International Monetary Fund.
|
| 264 |
|
1 |
|a Washington, District of Columbia :
|b International Monetary Fund,
|c 2014.
|
| 264 |
|
4 |
|c 2014
|
| 300 |
|
|
|a 1 online resource (114 pages) :
|b illustrations (some color), charts.
|
| 336 |
|
|
|a text
|2 rdacontent
|
| 337 |
|
|
|a computer
|2 rdamedia
|
| 338 |
|
|
|a online resource
|2 rdacarrier
|
| 490 |
0 |
|
|a IMF Country Reports ;
|v Number 14/78
|
| 588 |
|
|
|a Description based on online resource; title from PDF cover (ebrary, viewed May 1, 2014).
|
| 590 |
|
|
|a Electronic reproduction. Ann Arbor, MI : ProQuest, 2015. Available via World Wide Web. Access may be limited to ProQuest affiliated libraries.
|
| 610 |
2 |
0 |
|a International Monetary Fund
|z Albania.
|
| 650 |
|
0 |
|a Fiscal policy
|z Albania.
|
| 650 |
|
0 |
|a Monetary policy
|z Albania.
|
| 650 |
|
0 |
|a Economic indicators
|z Albania.
|
| 651 |
|
0 |
|a Albania
|x Economic conditions.
|
| 655 |
|
4 |
|a Electronic books.
|
| 710 |
2 |
|
|a International Monetary Fund.
|b European Department,
|e issuing body.
|
| 776 |
0 |
8 |
|i Print version:
|a International Monetary Fund.
|t Albania : 2013 Article IV consultation and request for extended arrangement.
|d Washington, District of Columbia : International Monetary Fund, c2014
|h approximately 114 pages
|k IMF Country Reports ; Number 14/78
|z 9781484338339
|
| 797 |
2 |
|
|a ProQuest (Firm)
|
| 856 |
4 |
0 |
|u https://ebookcentral.proquest.com/lib/matrademy/detail.action?docID=1676606
|z Click to View
|